000 00440nam a2200181Ia 4500
001 24629
005 20260414151056.0
008 260414t2018||||xx |||||||||||||| ||spa||
041 _aESP
082 _a345.721
_bB141 V. 54
100 _aVidal Ramos, Roger
_eAUT
245 0 _aArbitraje :
_bel arbitraje deportivo
260 _c2018
300 _a405 páginas :
_c24 cm.
650 _aDER
654 _aCDE
942 _cLIB
_dJUS
_fJUS
_2ddc
_n
999 _c24629
_d24629